000 00443nab a2200145Ia 4500
003 ES-SlBCS
005 20210601142724.0
008 140529s2013 xxu||||| |||| 00| 0 spa d
041 _aspa
100 1 _aCastells, Pere
_9123297
245 0 0 _aEntre planta y edulcorante
_c Pere Castells
650 0 4 _aEstevia
_9276275
773 0 _tInvestigacion y Ciencia (Traducción de: Scientific American)
_gnº. 438, 2013, págs. 49
_wRev1650
942 _cAR
999 _c681071
_d681071